Statistics for NBA Scoring Champs by Team

Click here to take the quiz!

General Stats

  • This quiz has been taken 440 times
    (57 since last reset)
  • The average score is 15 of 19

Answer Stats

TeamPlayers% Correct
CavaliersLeBron James
100%
BullsMichael Jordan
100%
76ersWilt Chamberlain | Allen Iverson | Joel Embiid
98%
BucksKareem Abdul-Jabbar
92%
HeatDwyane Wade
88%
LakersGeorge Mikan | Jerry West | Kobe Bryant
88%
WarriorsJoe Fulks | Paul Arizin | Neil Johnston | Wilt Chamberlain | Rick Barry | Stephen Curry
88%
SuperSonics / ThunderKevin Durant | Russell Westbrook
86%
HawksBob Pettit | Dominique Wilkins
82%
MagicShaquille O'Neal | Tracy McGrady
82%
RocketsElvin Hayes | James Harden
80%
SpursGeorge Gervin | David Robinson
80%
MavericksLuka Dončić
73%
NuggetsAlex English
71%
KnicksBernard King | Carmelo Anthony
69%
KingsOscar Robertson | Tiny Archibald
69%
JazzPete Maravich | Adrian Dantley
63%
ClippersBob McAdoo
53%
PistonsGeorge Yardley
16%

Score Distribution

Percentile by Number Answered

Percent of People with Each Score

Your Score History

You have not taken this quiz since the last reset